Southville International School and Colleges
Your cart is empty.
  • Cart
  • Lists
    Public lists Eva Luna New books Lux_list list_1
    Your lists Log in to create your own lists
  • Log in to your account
  • Your cookies
  • Search history
Southville International School and Colleges
  • Advanced search
  • Recent comments
  • Most popular
  • Libraries

Log in to your account

Log in with GOOGLE


If you do not have an external account, but do have a local account, you can still log in:

  1. Home
  2. MARC view: Tales of mystery and imagination /
Normal view MARC view ISBD view

Tales of mystery and imagination / (Record no. 11674)

[ view plain ]
MARC details
000 -LEADER
fixed length control field 01434cam a2200361 a 4500
001 - CONTROL NUMBER
control field 3020818
003 - CONTROL NUMBER IDENTIFIER
control field OSt
005 - DATE AND TIME OF LATEST TRANSACTION
control field 20151029161423.0
008 - FIXED-LENGTH DATA ELEMENTS--GENERAL INFORMATION
fixed length control field 940324s1993 enk b 000 1 eng
010 ## - LIBRARY OF CONGRESS CONTROL NUMBER
LC control number 94135977
020 ## - INTERNATIONAL STANDARD BOOK NUMBER
International Standard Book Number 1853260134
Terms of availability £4.99 (USA $6.95)
040 ## - CATALOGING SOURCE
Original cataloging agency DLC
Transcribing agency DLC
Modifying agency DLC
050 00 - LIBRARY OF CONGRESS CALL NUMBER
Classification number PS 2612
Item number .P743 1993
082 00 - DEWEY DECIMAL CLASSIFICATION NUMBER
Classification number IB 808.83
Item number P75 2000
100 1# - MAIN ENTRY--PERSONAL NAME
Personal name Poe, Edgar Allan,
Dates associated with a name 1809-1849.
9 (RLIN) 20884
245 10 - TITLE STATEMENT
Title Tales of mystery and imagination /
Statement of responsibility, etc Edgar Allan Poe ; edited by Graham Clarke.
250 ## - EDITION STATEMENT
Edition statement New ed.
260 ## - PUBLICATION, DISTRIBUTION, ETC. (IMPRINT)
Place of publication, distribution, etc London :
Name of publisher, distributor, etc J.M. Dent ;
Place of publication, distribution, etc Rutland, Vt. :
Name of publisher, distributor, etc C.E. Tuttle,
Date of publication, distribution, etc 1993.
300 ## - PHYSICAL DESCRIPTION
Extent 594 p. ;
Dimensions 20 cm.
490 0# - SERIES STATEMENT
Series statement The Everyman library
504 ## - BIBLIOGRAPHY, ETC. NOTE
Bibliography, etc Includes bibliographical references.
562 ## - COPY AND VERSION IDENTIFICATION NOTE
Number of copies for circulation. 1 copy available in the collection
650 #0 - SUBJECT ADDED ENTRY--TOPICAL TERM
Topical term or geographic name as entry element Detective and mystery stories, American.
9 (RLIN) 1742
650 #0 - SUBJECT ADDED ENTRY--TOPICAL TERM
Topical term or geographic name as entry element Horror tales, American.
9 (RLIN) 1743
700 1# - ADDED ENTRY--PERSONAL NAME
Personal name Clarke, Graham.
9 (RLIN) 20885
856 42 - ELECTRONIC LOCATION AND ACCESS
Materials specified Publisher description
Uniform Resource Identifier <a href="http://www.loc.gov/catdir/description/orion051/94135977.html">http://www.loc.gov/catdir/description/orion051/94135977.html</a>
856 42 - ELECTRONIC LOCATION AND ACCESS
Materials specified Contributor biographical information
Uniform Resource Identifier <a href="http://www.loc.gov/catdir/bios/orion051/94135977.html">http://www.loc.gov/catdir/bios/orion051/94135977.html</a>
856 41 - ELECTRONIC LOCATION AND ACCESS
Materials specified Table of contents only
Uniform Resource Identifier <a href="http://www.loc.gov/catdir/enhancements/fy1013/94135977-t.html">http://www.loc.gov/catdir/enhancements/fy1013/94135977-t.html</a>
906 ## - LOCAL DATA ELEMENT F, LDF (RLIN)
a 7
b cbc
c orignew
d 3
e ncip
f 19
g y-gencatlg
942 ## - ADDED ENTRY ELEMENTS (KOHA)
Source of classification or shelving scheme Library of Congress Classification
Koha item type Books
Holdings
Withdrawn status Lost status Source of classification or shelving scheme Damaged status Home library Current library Shelving location Date acquired Source of acquisition Total Checkouts Full call number Barcode Date last seen Date checked out Copy number Price effective from Koha item type
    Library of Congress Classification   Luxembourg Library Luxembourg Library Classic Section 09/18/2013 Donation 2 PS 2612 .P743 1993 13800 05/10/2023 03/29/2023 1 09/18/2013 Books

Tales of mystery and imagination /

APA

Poe E. A., Clarke G., . (1993). Tales of mystery and imagination. London: J.M. Dent.

Chicago

Poe Edgar Allan, Clarke Graham, . 1993. Tales of mystery and imagination. London: J.M. Dent.

Harvard

Poe E. A., Clarke G., . (1993). Tales of mystery and imagination. London: J.M. Dent.

MLA

Poe Edgar Allan, Clarke Graham, . Tales of mystery and imagination. London: J.M. Dent. 1993.

  • Place hold
  • Print
  • Cite
  • Add to your cart (remove)
  • Save record
    BIBTEX Dublin Core MARCXML MARC (non-Unicode/MARC-8) MARC (Unicode/UTF-8) MARC (Unicode/UTF-8, Standard) MODS (XML) RIS
  • More searches
    Search for this title in:
    Other Libraries (WorldCat) Other Databases (Google Scholar) Online Stores (Bookfinder.com) Open Library (openlibrary.org)

Exporting to Dublin Core...

SOUTHVILLE LIBRARY

Southville International School and Colleges Library

1281 Tropical Ave. Cor. Luxembourg St., BF Homes International, Las Pinas City

Tel. No. 8256374 / 252358 Loc. 117/146

Powered by Koha